[Event "WSTCC-50 2020"]
[Site "Prague"]
[Date "2020.03.08"]
[Round "3.32"]
[White "Bradac, Roman"]
[Black "Haentsch, Ralf"]
[Result "1-0"]
[WhiteElo "1974"]
[BlackElo "2087"]
[Annotator "TA"]
[PlyCount "107"]
[EventDate "2020.03.06"]
[EventType "team-tourn"]
[EventCountry "CZE"]
[SourceTitle "playchess.com"]
[Source "ChessBase"]
[SourceQuality "1"]

{[%evp 17,107,6,17,8,26,0,0,-20,13,-39,-46,-71,-17,-17,85,90,80,87,94,-103,110,104,111,90,95,67,77,62,50,64,85,46,56,62,43,-45,28,0,80,74,120,120,120,120,120,120,120,120,120,120,120,120,120,120,299,268,277,265,400,388,637,633,533,647,630,626,575,206,214,189,187,187,570,179,179,135,147,176,1533,1447,1389,1303,1640,1405,29986,29987,29988,29989,29993,29992,29993,29994]} 1. d4 Nf6 2. Nf3 e6 3. Bf4 b6 4. e3 Bb7 5. Nbd2 Be7 6. h3 O-O 7. Bd3 d5 8. O-O c5 9. c3 Nc6 10. Qe2 {D02: 1 d4 d5 2 Nf3 sidelines, including 2...Nf6 3 g3 and 2...Nf6 3 Bf4.} Bd6 11. Ne5 {11.Rfe1 gains popularity.} Qc7 {[%cal Rc6e5]} 12. Ndf3 {The position is equal.} Ne4 13. Qc2 (13. Nxc6 $11 Bxf4 14. exf4 Bxc6 15. dxc5) 13... Ne7 $15 {[#]} 14. Ng5 $146 {[%cal Rg5e4]} ({Predecessor:} 14. Bxe4 dxe4 15. Ng5 cxd4 16. exd4 Ng6 17. Bg3 Nxe5 18. dxe5 Bxe5 19. f4 Bd4+ 20. Kh2 {0-1 (92) Yurtseven,M (2133)-Sanal,V (2399) Antalya 2013}) 14... Nxg5 ({Black should try} 14... cxd4 $17 15. Bxe4 (15. exd4 Nxg5 16. Bxg5 f6 $17 {[%mdl 64] Double Attack}) 15... dxe4 16. exd4 Ng6) 15. Bxg5 $11 f6 (15... Bxe5 $11 16. dxe5 (16. Bxh7+ Kh8 $17) 16... Ng6) 16. Bxh7+ $16 Kh8 17. Ng6+ $1 Nxg6 18. Qxg6 $2 (18. Bxg6 $16 {is necessary to keep the advantage. aiming for Qe2.} fxg5 19. Qe2) 18... Qf7 $2 (18... fxg5 $17 {stays on course.} 19. Qh5 g6 $1 {[%mdl 512]} 20. Bxg6+ Kg8 21. Qxg5 Qg7) 19. Bh4 f5 20. f4 Ba6 21. Rfc1 (21. Qxf7 {keeps more tension.} Rxf7 22. Bg6 Rff8 23. Rfd1 Be2 24. Rd2) 21... Bd3 22. g4 (22. Qxf7 {is more complex.} Rxf7 23. Bg6 Rff8 24. Kf2 Kg8 25. g4) 22... Qxg6 23. Bxg6 $40 {[%mdl 128] White is up to no good.} c4 24. g5 b5 25. a3 a5 $1 26. Kf2 (26. Be1 $14) 26... Ra7 ({Better is} 26... b4 $15) 27. Kf3 Rb8 (27... Be4+ $11 {remains equal.} 28. Ke2 Bd3+ 29. Kd2 Rfa8) 28. Be1 Kg8 29. h4 Kf8 30. h5 Ke7 31. Rd1 Be4+ 32. Ke2 Kd7 33. Bd2 Rab7 34. Ra2 Bf8 35. Rg1 b4 $2 {Now Black is done in.} (35... Be7 $16) 36. axb4 $18 axb4 37. Rga1 bxc3 (37... Kc7 $142 38. Ra7 Bd3+ 39. Kf2 Rxa7 40. Rxa7+ Kb6) 38. Bxc3 Bb4 $2 (38... Bd6 39. Ra7 Rc7) 39. Ra7 Bxc3 40. bxc3 Kc8 {Black hopes to continue with ...Rb2+.} 41. Rxb7 Rxb7 {[%mdl 4096] Endgame KRB-KRB} 42. h6 $2 (42. Ra8+ Kd7 43. h6 gxh6 44. gxh6 Rb2+ 45. Ke1 Rb1+ 46. Kf2 Rb2+ 47. Kg3 Rg2+ 48. Kh4 Rxg6 49. h7 Rh6+ 50. Kg5) 42... Rb2+ 43. Ke1 gxh6 44. gxh6 Rh2 $2 (44... Kb7 45. h7 Rh2) 45. h7 $2 (45. Ra8+ Kb7 46. Rh8 Rh1+ 47. Kd2 Rh2+ 48. Kc1 Rc2+ 49. Kd1 Rxc3 50. h7) 45... Kb7 46. Ra2 Rh1+ 47. Kf2 Rh2+ $2 {[#]} (47... Rh6 48. Ke1 Rh1+ 49. Kf2 Rh3) 48. Kg3 $1 {[%cal Rg3h2]} Rxa2 49. h8=Q Rc2 50. Qf8 Kc7 51. Qe7+ {White mates.} Kb8 52. Be8 Rc1 53. Qd6+ Kb7 54. Bc6+ {Accuracy: White = 59%, Black = 52%.} 1-0

[Event "WSTCC-50 2020"]
[Site "Prague"]
[Date "2020.03.08"]
[Round "3.33"]
[White "Bretsnajdr, Vladimir"]
[Black "Kozak, Milos"]
[Result "1/2-1/2"]
[WhiteElo "2230"]
[BlackElo "2174"]
[Annotator "TA"]
[PlyCount "29"]
[EventDate "2020.03.06"]
[EventType "team-tourn"]
[EventCountry "CZE"]
[SourceTitle "playchess.com"]
[Source "ChessBase"]
[SourceQuality "1"]

{[%evp 28,29,38,0]} 1. e4 e5 2. Nf3 Nc6 3. Bb5 a6 4. Ba4 Nf6 5. O-O Be7 6. Re1 b5 7. Bb3 d6 8. c3 O-O 9. h3 {[#]} Re8 $146 ({Predecessor:} 9... Na5 10. Bc2 c5 11. d4 Qc7 12. d5 Nc4 13. a4 Bd7 14. b3 Nb6 15. a5 Nc8 16. c4 b4 17. Nbd2 g6 18. Nf1 Nh5 19. g4 Nf4 20. Bxf4 exf4 21. Qd2 Bf6 22. Qxf4 Bxa1 23. Rxa1 {1-0 (48) Caruana,F (2822)-Naroditsky,D (2621) chess.com INT 2020}) 10. Ng5 Rf8 11. Nf3 Re8 12. Ng5 Rf8 13. Nf3 Re8 14. Ng5 Rf8 15. Nf3 1/2-1/2

[Event "WSTCC-50 2020"]
[Site "Prague"]
[Date "2020.03.08"]
[Round "3.35"]
[White "Sura, Jaroslav"]
[Black "Chaloupka, Vladimir"]
[Result "1-0"]
[WhiteElo "2013"]
[BlackElo "2058"]
[Annotator "TA"]
[PlyCount "30"]
[EventDate "2020.03.06"]
[EventType "team-tourn"]
[EventCountry "CZE"]
[SourceTitle "playchess.com"]
[Source "ChessBase"]
[SourceQuality "1"]

{[%evp 1,1,6]} 1. e4 {Not much happened in this game.} {Predecessor:} e5 2. Nf3 Nf6 3. Nxe5 d6 4. Nf3 Nxe4 5. Nc3 Nxc3 6. dxc3 {C42: Petroff Defence: 3 Nxe5 and unusual White 3rd moves.} Be7 7. Be3 O-O 8. Bd3 Nd7 9. Qd2 Nc5 10. O-O-O Nxd3+ 11. Qxd3 Re8 12. h4 Qd7 13. Rde1 Qf5 14. Qd2 Bd7 15. Nd4 Qd5 {1-0 (42) Nakamura,H (2745)-So,W (2767) chess.com INT 2020} 1-0

[Event "WSTCC-50 2020"]
[Site "Prague"]
[Date "2020.03.08"]
[Round "3.36"]
[White "Chaloupka, Frantisek"]
[Black "Ruzicka, Tomas"]
[Result "1-0"]
[WhiteElo "1990"]
[BlackElo "1748"]
[Annotator "TA"]
[PlyCount "81"]
[EventDate "2020.03.06"]
[EventType "team-tourn"]
[EventCountry "CZE"]
[SourceTitle "playchess.com"]
[Source "ChessBase"]
[SourceQuality "1"]

{[%evp 12,81,0,-10,0,-3,8,3,39,28,75,58,66,55,73,44,104,88,92,85,99,79,204,196,306,312,275,314,288,300,293,304,966,939,1910,883,1188,889,2284,842,799,355,339,300,378,370,391,64,162,151,178,152,255,221,258,257,252,242,272,266,329,325,391,387,387,386,445,444,794,784,825,818]} 1. e4 e5 2. Nf3 Nf6 3. Nxe5 d6 4. Nf3 Nxe4 5. d3 Nf6 6. Bg5 Be7 7. Be2 O-O {C42: Petroff Defence: 3 Nxe5 and unusual White 3rd moves.} 8. O-O Be6 {[#]} 9. Nd4 $146 ({Predecessor:} 9. Nc3 Nc6 10. Re1 h6 11. Bh4 d5 12. Qd2 d4 13. Nb5 Bb4 14. Qd1 Bxe1 15. Nxe1 {0-1 (22) Kicker,A (800)-Enache,D (1176) Velden 2014}) 9... Nbd7 {The position is equal.} 10. Nd2 Ne5 11. Nxe6 fxe6 12. c3 Ng6 13. Qb3 Qc8 (13... Nd5 $14 14. Bxe7 Qxe7) 14. d4 Nd5 15. Bxe7 Ngxe7 16. Rae1 b6 (16... c6 $16 {might work better.}) 17. Bg4 $18 Rf6 (17... Kh8 {was worth a try.} 18. Bxe6 {[%mdl 64] Double Attack} Qb7) 18. Ne4 Rg6 {[#]} 19. Ng5 $1 {[%cal Rg4e6][%mdl 512]} Nf4 (19... Rxg5 20. Bxe6+) 20. Nxe6 Rxg4 21. Nxf4+ {[%mdl 64] Discovered Attack} Kf8 $2 (21... Kh8 22. Rxe7 Rxf4) 22. Ne6+ Kg8 23. Nxc7+ (23. Nd8+ $142 Kh8 24. Nf7+ Kg8 25. Nxd6+ Kh8 26. Nxc8 Rxc8 27. Rxe7) 23... Kf8 24. Ne6+ Kg8 25. Ng5+ (25. Nd8+ $142 Kh8 26. Nf7+ {[%mdl 64] Double Attack} Kg8 27. Nxd6+ Kh8 28. Nf7+ Kg8 29. Nd6+ Kh8 30. Nxc8 Rxc8 {[#]} 31. Qe6 $1 {[%mdl 576] Double Attack}) 25... d5 26. f3 (26. f4 $142 Rxg5 27. fxg5) 26... Rxg5 27. Rxe7 Qh3 {[%csl Gg5][%cal Rh3g2]} 28. Rf2 Qh4 {Now ...Rh5 and Black clings on.} 29. Qd1 $2 (29. Qb5 $18 {Re8+ is the strong threat.} h6 30. Qd7) 29... Rh5 (29... Rxg2+ $1 $14 30. Rxg2 Qxe7) 30. Qe1 {Intending Re8+ and mate.} Qxh2+ 31. Kf1 {Re8+ would kill now.} Qh1+ (31... Qd6 $16 32. Qe6+ (32. Re8+ $2 Kf7 $19) 32... Qxe6 33. Rxe6 Rh1+ 34. Ke2 Kf8) 32. Ke2 Qxe1+ 33. Kxe1 {[%mdl 4096] Endgame KRR-KRR} Kf8 34. Rfe2 a5 35. Rb7 Rh6 36. Kf2 Re8 37. Rxe8+ Kxe8 38. Rxg7 Kd8 39. f4 {White is clearly winning.} Kc8 (39... Rh4 $142 40. Kf3 Rh1) 40. f5 Rh1 41. f6 {Accuracy: White = 62%, Black = 24%.} 1-0

[Event "WSTCC-50 2020"]
[Site "Prague"]
[Date "2020.03.08"]
[Round "3.37"]
[White "Bartak, Vladimir"]
[Black "Janacek, Jaroslav"]
[Result "1-0"]
[WhiteElo "2276"]
[BlackElo "2056"]
[Annotator "RC"]
[PlyCount "101"]
[EventDate "2020.03.06"]
[EventType "team-tourn"]
[EventCountry "CZE"]
[SourceTitle "playchess.com"]
[Source "ChessBase"]
[SourceQuality "1"]
[TimeControl "40/5400+30:1800+30"]

1. c4 {[%emt 0:00:00]} e5 {[%emt 0:00:00]} 2. Nc3 {[%emt 0:00:00]} d6 {[%emt 0:00:00]} 3. d3 {[%emt 0:00:20]} f5 {[%emt 0:00:19]} 4. g3 {[%emt 0:00:22]} Nf6 {[%emt 0:00:27]} 5. Bg2 {[%emt 0:00:15]} Be7 {[%emt 0:00:26]} 6. f4 {[%emt 0:01:32]} O-O {[%emt 0:00:47]} 7. Nh3 {[%emt 0:04:46]} Qe8 {[%emt 0:02:34]} 8. O-O {[%emt 0:04:17]} Na6 {[%emt 0:02:46]} 9. Rb1 {[%emt 0:14:09]} c6 {[%emt 0:00:53]} 10. b4 {[%emt 0:01:59]} Bd7 {[%emt 0:02:43]} 11. Nf2 {[%emt 0:12:54]} Bd8 {[%emt 0:02:59]} 12. Kh1 {[%emt 0:06:22]} Bc7 {[%emt 0:00:49]} 13. e3 {[%emt 0:08:35]} Rd8 {[%emt 0:04:01]} 14. Re1 {[%emt 0:01:25]} h6 {[%emt 0:08:15]} 15. d4 {[%emt 0:10:08]} e4 {[%emt 0:01:10]} 16. b5 {[%emt 0:02:20]} cxb5 {[%emt 0:10:52]} 17. Nxb5 Bb8 18. Ba3 {[%emt 0:05:59]} Bc8 {[%emt 0:03:25]} 19. d5 {[%emt 0:02:12]} Qg6 {[%emt 0:03:01]} 20. Qd4 {[%emt 0:03:29]} b6 {[%emt 0:03:03]} 21. Rg1 {[%emt 0:01:01]} Nc5 {[%emt 0:01:22]} 22. Bb2 {[%emt 0:00:26]} a6 {[%emt 0:05:13]} 23. Na3 {[%emt 0:00:21]} Rf7 {[%emt 0:02:16]} 24. Bf1 {[%emt 0:01:08]} Ba7 {[%emt 0:03:11]} 25. Qd2 {[%emt 0:01:07]} h5 {[%emt 0:01:56]} 26. Ba1 {[%emt 0:01:26]} Ng4 {[%emt 0:00:38]} 27. Nh3 {[%emt 0:00:44]} Re7 {[%emt 0:06:56]} 28. Nc2 {[%emt 0:00:06]} Nd3 {[%emt 0:07:21]} 29. Nd4 {[%emt 0:00:05]} Bd7 {[%emt 0:01:44]} 30. Rg2 {[%emt 0:00:03]} b5 {[%emt 0:04:15]} 31. cxb5 {[%emt 0:00:02]} Bxd4 {[%emt 0:00:32]} 32. Bxd4 {[%emt 0:00:03]} Bxb5 {[%emt 0:00:37]} 33. Ng5 {[%emt 0:00:02]} Rde8 {[%emt 0:08:09]} 34. Qc2 {[%emt 0:01:24]} Nf6 {[%emt 0:03:27]} 35. a4 {[%emt 0:03:11]} Bd7 {[%emt 0:00:17]} 36. Qb3 {[%emt 0:03:46]} Nh7 {[%emt 0:05:06]} 37. h4 {[%emt 0:03:14]} Nf6 {[%emt 0:00:56]} 38. Rd2 {[%emt 0:01:15]} Ng4 {[%emt 0:00:27]} 39. Kg1 {[%emt 0:00:57]} Rc8 {[%emt 0:04:40]} 40. Qb6 {[%emt 0:00:00]} a5 {[%emt 0:00:00]} 41. Qxa5 {[%emt 0:08:46]} Qe8 {[%emt 0:02:40]} 42. Qb6 {[%emt 0:05:41]} Bxa4 {[%emt 0:01:39]} 43. Ra2 {[%emt 0:06:16]} Bc2 {[%emt 0:07:12]} 44. Rba1 {[%emt 0:00:23]} Ndf2 {[%emt 0:00:47]} 45. Ra7 {[%emt 0:06:58]} Bd3 {[%emt 0:03:09]} 46. Qxd6 {[%emt 0:00:54]} Rxa7 {[%emt 0:11:15]} 47. Rxa7 {[%emt 0:00:05]} Qf8 {[%emt 0:04:07]} 48. Qe6+ {[%emt 0:00:18]} Kh8 {[%emt 0:01:07]} 49. Qg6 {[%emt 0:01:01]} Nh3+ {[%emt 0:01:02]} 50. Nxh3 {[%emt 0:00:30]} Nf6 {[%emt 0:01:15]} 51. Rxg7 1-0

[Event "WSTCC-50 2020"]
[Site "Prague"]
[Date "2020.03.08"]
[Round "3.38"]
[White "Korinkova, Eva"]
[Black "Hosticka, Frantisek"]
[Result "1/2-1/2"]
[WhiteElo "1811"]
[BlackElo "2096"]
[Annotator "TA"]
[PlyCount "107"]
[EventDate "2020.03.06"]
[EventType "team-tourn"]
[EventCountry "CZE"]
[SourceTitle "playchess.com"]
[Source "ChessBase"]
[SourceQuality "1"]

{[%evp 10,107,62,46,50,18,18,30,16,-41,-47,-60,-60,-97,9,9,14,11,11,16,16,0,0,0,0,0,0,14,9,7,0,0,0,-43,-30,-90,-103,-93,-5,0,0,0,0,-8,-8,-5,0,0,0,0,0,-5,0,0,0,0,0,0,5,0,168,197,179,179,171,127,111,44,137,130,157,67,67,0,95,52,67,45,56,45,67,67,90,90,90,84,95,67,67,67,120,8,8,8,8,8,8,8,8,8]} 1. e4 Nf6 2. Nc3 d5 3. e5 Ne4 4. Nce2 d4 5. c3 Nc6 6. Nf3 {[%cal Re2d4]} dxc3 {B02: Alekhine's Defence: Chase Variation and lines with early Nc3.} 7. bxc3 Bg4 $1 8. d4 e6 {[#] White has an edge.} 9. h4 $146 ({Better is} 9. h3 $11 Bf5 10. Bb2) ({Predecessor:} 9. h3 Bf5 10. g4 Bg6 11. Bg2 h5 12. O-O hxg4 13. hxg4 Qd7 14. Qe1 O-O-O 15. Nf4 {1-0 (26) Schmaltz,R (2522)-Van der Werf,M (2423) Netherlands 2002}) 9... Qd5 $15 10. Qc2 O-O-O 11. Bb2 {[#]} Nb4 (11... Bb4 $1 $17 {[%mdl 512]} 12. cxb4 Nxb4) 12. cxb4 $11 Bxb4+ 13. Nc3 {next 0-0-0 is good for White.} Bxf3 14. gxf3 Nxc3 15. Bxc3 Qxd4 $1 16. Rc1 Rd5 $36 {[%mdl 2048] aiming for ...Rc5. White is under pressure.} 17. Bxb4 Qxb4+ 18. Qc3 Rxe5+ 19. Be2 Qxc3+ 20. Rxc3 Rd8 21. Re3 Ra5 {[%mdl 1024] Black has compensation.} 22. Bc4 {[#]} (22. a3 $11) 22... Rc5 $1 $17 {[%cal Rc5c4]} 23. Rc3 {[#] And now Bxe6+! would win.} Kb8 (23... Rd6 $1 $17 {[%cal Rd6c6] White must now prevent ...Rdc6.} 24. O-O Rh5) 24. Rc2 $1 $11 Rd4 25. Bb3 Rh5 26. Rc4 Rxc4 27. Bxc4 {[%mdl 4096] Endgame KRB-KR} b5 28. Bd3 g6 29. Kd2 a6 30. Ke3 c5 31. f4 c4 32. Be4 Kc7 33. Kd4 Kd6 34. Rh3 Rc5 $2 (34... Kc7 $11) 35. Ra3 $18 Rh5 36. Rxa6+ Ke7 37. Bc6 Rxh4 38. Ke3 (38. Bxb5 $16 Rxf4+ 39. Ke3) 38... b4 (38... Rh3+ $14 39. f3 Rh5) 39. Rb6 $16 Kd6 40. Be8+ ({White should play} 40. Bg2+ $16 Kc5 41. Rc6+ Kb5 42. Rc7) 40... Ke7 $14 41. Bc6 (41. Ba4 $14) 41... b3 (41... Kd6 $1 $11 {remains equal.}) 42. axb3 cxb3 43. Rxb3 Rh3+ 44. Bf3 Kf6 45. Rb1 g5 46. fxg5+ Kxg5 47. Rg1+ Kf6 48. Rh1 (48. Kf4 {looks sharper.} h5 49. Rg8 e5+ 50. Ke4 Ke6 51. Re8+) 48... Rxh1 49. Bxh1 {KB-K3P} h5 (49... Kg5 $14) 50. Kf4 (50. Ke4 $16) 50... e5+ $11 {The position is equal.} 51. Kg3 {Threatens to win with Bd5.} Kg5 52. Bg2 f5 53. f4+ exf4+ 54. Kf3 {Black escapes into a draw. Accuracy: White = 67%, Black = 74%.} 1/2-1/2

[Event "WSTCC-50 2020"]
[Site "Prague"]
[Date "2020.03.08"]
[Round "3.39"]
[White "Strnad, Josef"]
[Black "Oburka, Vladislav"]
[Result "0-1"]
[WhiteElo "1860"]
[BlackElo "1759"]
[Annotator "NA RC"]
[PlyCount "82"]
[EventDate "2020.03.06"]
[EventType "team-tourn"]
[EventCountry "CZE"]
[SourceTitle "playchess.com"]
[Source "ChessBase"]
[SourceQuality "1"]
[TimeControl "40/5400+30:1800+30"]

1. Nf3 {[%emt 0:00:00]} Nf6 {[%emt 0:00:00]} 2. g3 {[%emt 0:00:02]} d5 {[%emt 0:00:09]} 3. d4 {[%emt 0:00:08]} e6 {[%emt 0:00:18]} 4. Bg2 {[%emt 0:00:11]} Nbd7 {[%emt 0:00:19]} 5. b3 {[%emt 0:03:27]} b6 {[%emt 0:04:51]} 6. Bb2 {[%emt 0:00:30] D02: 1 d4 d5 2 Nf3 sidelines, including 2...Nf6 3 g3 and 2...Nf6 3 Bf4.} Bb4+ {[%emt 0:00:47]} 7. c3 {[%emt 0:00:07]} Be7 {[%emt 0:00:07]} 8. O-O {[%emt 0:00:15] [#]} O-O $146 ({Predecessor:} 8... Bb7 9. c4 O-O 10. Nc3 dxc4 11. bxc4 Ne4 12. Qc2 Nxc3 13. Bxc3 c5 14. Ne5 Bxg2 15. Kxg2 Qc7 16. Nxd7 Qxd7 17. dxc5 Bxc5 18. Rfd1 Qc6+ 19. Kg1 {½-½ (46) Szymczak,R (2081)-Alvarado Rodriguez,C (2191) Warsaw 2007}) 9. Nbd2 Bb7 {[%emt 0:02:11]} 10. Rc1 {[%emt 0:01:55]} c5 {[%emt 0:00:39]} 11. Re1 {[%emt 0:01:38]} Rc8 {[%emt 0:00:20]} 12. e3 {[%emt 0:01:26]} Re8 {[%emt 0:02:05]} 13. c4 {[%emt 0:00:48]} h6 {[%emt 0:02:29]} 14. Ne5 {[%emt 0:03:40]} Rc7 {[%emt 0:06:53]} 15. Qe2 {[%emt 0:09:39]} Qa8 {[%emt 0:11:10]} 16. Red1 {[%emt 0:05:05]} dxc4 {[%emt 0:02:11]} 17. Bxb7 {[%emt 0:00:25]} Qxb7 {[%emt 0:00:18]} 18. Ndxc4 {[%emt 0:01:34]} Rd8 {[%emt 0:06:55]} 19. f3 {[%emt 0:04:26]} Nh7 {[%emt 0:07:58]} 20. Kf2 {[%emt 0:02:02]} Nxe5 {[%emt 0:05:22]} 21. Nxe5 {[%emt 0:03:05]} Rcc8 {[%emt 0:04:39]} 22. Rc2 {[%emt 0:07:57]} Nf6 {[%emt 0:04:17]} 23. Rcd2 {[%emt 0:02:43]} Qc7 {[%emt 0:03:02]} 24. Rc1 {[%emt 0:08:04]} Qb7 {[%emt 0:00:46]} 25. e4 {[%emt 0:10:11]} cxd4 {[%emt 0:03:14]} 26. Rxc8 {[%emt 0:00:29]} Qxc8 $11 {[%emt 0:02:07]} 27. Bxd4 {[%emt 0:00:48]} Bc5 {[%emt 0:01:23]} 28. Qc4 {[%emt 0:05:33]} b5 {[%emt 0:06:47]} 29. Qxc5 {[%emt 0:07:17]} Qxc5 {[%emt 0:00:15]} 30. Bxc5 {[%emt 0:00:02]} Rxd2+ {[%emt 0:00:07]} 31. Ke3 {[%emt 0:00:10]} Rxa2 {[%emt 0:00:08]} 32. h4 {[%emt 0:00:58]} a5 {[%emt 0:01:39]} 33. Kd3 {[%emt 0:01:10]} Nh5 {[%emt 0:04:00]} 34. g4 {[%emt 0:02:23]} Nf4+ {[%emt 0:00:12]} 35. Kc3 {[%emt 0:00:27]} Ne2+ {[%emt 0:05:17]} 36. Kd3 {[%emt 0:00:53]} Nc1+ {[%emt 0:00:47]} 37. Kc3 {[%emt 0:00:24]} b4+ {[%emt 0:00:25]} 38. Kc4 {[%emt 0:00:38]} Rc2+ {[%emt 0:00:33]} 39. Kb5 {[%emt 0:00:28]} Nxb3 {[%emt 0:00:15]} 40. Bd6 {[%emt 0:02:22]} Ra2 {[%emt 0:02:39]} 41. Bc7 {[%emt 0:03:23]} Nd4+ {[%emt 0:03:39]} 0-1

[Event "WSTCC-50 2020"]
[Site "Prague"]
[Date "2020.03.08"]
[Round "3.40"]
[White "Kuda, Pavel"]
[Black "Kalvach, Ladislav"]
[Result "1/2-1/2"]
[WhiteElo "1421"]
[BlackElo "1773"]
[Annotator "NA RC"]
[PlyCount "43"]
[EventDate "2020.03.06"]
[EventType "team-tourn"]
[EventCountry "CZE"]
[SourceTitle "playchess.com"]
[Source "ChessBase"]
[SourceQuality "1"]
[TimeControl "40/5400+30:1800+30"]

1. d4 {[%emt 0:00:00]} Nf6 {[%emt 0:00:00]} 2. Bf4 {[%emt 0:00:28]} e6 {[%emt 0:00:00]} 3. e3 {[%emt 0:00:15]} c5 {[%emt 0:00:00]} 4. c3 {[%emt 0:02:21]} Be7 {[%emt 0:01:14]} 5. Nf3 {[%emt 0:00:39]} Nc6 {[%emt 0:00:33]} 6. h3 {[%emt 0:02:14]} a6 {[%emt 0:01:31]} 7. Bd3 {[%emt 0:00:17]} d5 {[%emt 0:01:01]} 8. Nbd2 {[%emt 0:02:54]} c4 {[%emt 0:01:58]} 9. Bb1 {[%emt 0:03:56]} b5 {[%emt 0:01:16]} 10. a3 {[%emt 0:16:45]} Bb7 {[%emt 0:02:08]} 11. Ne5 {[%emt 0:03:06]} Nxe5 {[%emt 0:10:32]} 12. Bxe5 {[%emt 0:02:20]} Bd6 {[%emt 0:05:24]} 13. Qf3 {[%emt 0:09:09]} Bxe5 {[%emt 0:08:25]} 14. dxe5 {[%emt 0:00:21]} Nd7 {[%emt 0:01:01]} 15. Qg3 {[%emt 0:01:32]} g6 {[%emt 0:10:18]} 16. Nf3 {[%emt 0:03:10]} Qe7 {[%emt 0:04:10]} 17. Nd4 {[%emt 0:10:10]} Nc5 {[%emt 0:12:31]} 18. f3 {[%emt 0:10:05]} Rc8 {[%emt 0:01:16]} 19. Bc2 {[%emt 0:00:59]} O-O {[%emt 0:03:57]} 20. h4 {[%emt 0:00:52]} Kh8 {[%emt 0:10:36]} 21. Qg5 {[%emt 0:09:39]} Qxg5 {[%emt 0:02:21]} 22. hxg5 {[%emt 0:00:11]} 1/2-1/2

[Event "WSTCC-50 2020"]
[Site "Prague"]
[Date "2020.03.08"]
[Round "3.41"]
[White "Schlag, Andreas"]
[Black "Weyrich, Morten"]
[Result "0-1"]
[WhiteElo "2057"]
[BlackElo "2281"]
[Annotator "TA"]
[PlyCount "96"]
[EventDate "2020.03.06"]
[EventType "team-tourn"]
[EventCountry "CZE"]
[SourceTitle "playchess.com"]
[Source "ChessBase"]
[SourceQuality "1"]

{[%evp 11,96,0,0,-35,0,-11,0,-13,-2,-14,-7,-25,8,5,0,0,0,-23,-20,-58,0,-53,-5,-43,-24,-31,-8,-11,-11,-16,-13,-106,-106,-100,-94,-102,-75,-75,-75,-59,-8,-13,0,0,0,-195,-197,-206,-225,-225,-196,-311,-281,-273,-212,-218,-230,-247,-218,-247,-253,-255,-222,-235,-235,-196,-122,-308,-308,-308,-308,-298,-295,-337,-308,-308,-308,-510,-512,-5373,-5031,-29965,-29972,-29984,-29985,-29982,-29981]} 1. e4 e5 2. Nf3 Nc6 3. d4 exd4 4. Nxd4 Bc5 5. Nxc6 Qf6 6. Qe2 dxc6 {6...bxc6 might become the main line.} 7. h3 {[#] C45: Scotch Game.} Ne7 $146 ({Predecessor:} 7... Be6 8. Nd2 O-O-O 9. Nf3 Bb4+ 10. Nd2 Bxd2+ 11. Bxd2 Qxb2 12. Qd1 Nf6 13. Bd3 c5 14. Rb1 Qa3 {0-1 (23) Brueckner,S-Schmidt,P Kiel 2000}) 8. Nc3 Be6 9. Qf3 {The position is equal.} Qxf3 10. gxf3 O-O-O 11. Bd3 Rhe8 (11... Ng6 {feels hotter.} 12. Be3 Bd6 13. O-O-O Kb8 14. b3 b6) 12. Be3 Bd4 13. Bxd4 Rxd4 14. Ne2 Rd6 15. Nf4 Red8 ({Black should play} 15... Bd7 $15) 16. Nxe6 (16. h4 $11) 16... Rxe6 (16... fxe6 {with more complications.} 17. Rg1 Ng6 18. Rg3 Rf8 19. O-O-O Rd7) 17. O-O-O Rf6 18. Be2 Ng6 19. Rxd8+ Kxd8 $11 {[%mdl 4096] Endgame KRB-KRN} 20. Kd2 Nh4 21. Ke3 (21. Rg1 $1 $11 {keeps the balance.}) 21... g5 $17 22. Rg1 {[#]} h6 $1 23. Rg4 Re6 24. Bc4 {[#]} Re7 $1 25. Rg1 Nf5+ (25... f5 $15) 26. Kd3 $11 Rd7+ 27. Kc3 Nd4 28. h4 $2 (28. f4 $11 {and White has nothing to worry.}) 28... Nxf3 $19 ({Less strong is} 28... gxh4 29. Rh1 $15) 29. Rg3 Nxh4 30. f4 gxf4 31. Rg8+ (31. Rh3 $142 Ng6 32. Rxh6) 31... Ke7 32. Rh8 b5 33. Rxh6 Ng6 ({Inferior is} 33... bxc4 34. Rxh4 f3 35. Rf4 $11) 34. Bd3 a6 35. b4 Rd8 36. Rh5 Ke6 37. Be2 Rh8 38. Bg4+ Kd6 (38... Ke7 $19 {...Rxh5 is the strong threat.} 39. Rxh8 Nxh8) 39. Rf5 $2 {This costs White the game.} (39. e5+ $17 Ke7 40. Rxh8 Nxh8 41. Kd3) 39... Ne5 40. Bh5 Ke6 41. Kd4 f6 42. Be2 Rh2 43. Bd3 f3 44. Ke3 $2 (44. Kc3 {keeps fighting.}) 44... Rh1 45. a4 (45. Rf4 $142) 45... bxa4 {[%cal Bb5a4,Ba4a3][%mdl 32]} 46. Bxa6 a3 {Black mates.} 47. Rxe5+ Kxe5 48. Bc4 {[#]} Rh4 $1 {[%mdl 64] Decoy. Accuracy: White = 54%, Black = 74%.} 0-1